| 000 | 00467nam a2200157 a 4500 | ||
|---|---|---|---|
| 001 | 000016384 | ||
| 005 | 20200929164412.0 | ||
| 008 | 100304s1981 dr 000 0 spa d | ||
| 040 |
_aDO-SdBNP _bspa _cBNPHU |
||
| 082 |
_axxxx _bM294p |
||
| 245 | 0 | 0 | _aManual para la tramitación de becas a los paises socialistas. |
| 260 |
_aSanto Domingo : _bEdiciones del PCD, _c1981. |
||
| 300 |
_a98 p. ; _c21 cm. |
||
| 710 | 2 |
_aPartido Comunista Dominicano _936532 |
|
| 049 | _aBNPD | ||
| 999 |
_c15919 _d15919 |
||